<?xml version="1.0" encoding="UTF-8"?>
<collection xmlns="http://www.loc.gov/MARC21/slim">
 <record>
  <leader>     na                 </leader>
  <controlfield tag="001">INLIS000000000008931</controlfield>
  <controlfield tag="005">20221114113417</controlfield>
  <datafield tag="035" ind1=" " ind2=" ">
   <subfield code="a">0010-0520008931</subfield>
  </datafield>
  <controlfield tag="008">221114                |          | ind  </controlfield>
  <datafield tag="020" ind1=" " ind2=" ">
   <subfield code="a">9786021863459</subfield>
  </datafield>
  <datafield tag="041" ind1=" " ind2=" ">
   <subfield code="a">ind</subfield>
  </datafield>
  <datafield tag="082" ind1=" " ind2=" ">
   <subfield code="a">923.2598</subfield>
  </datafield>
  <datafield tag="084" ind1=" " ind2=" ">
   <subfield code="a">923.2598 RIT k</subfield>
  </datafield>
  <datafield tag="100" ind1="0" ind2=" ">
   <subfield code="a">Rita Triana Budiarti</subfield>
  </datafield>
  <datafield tag="245" ind1="1" ind2=" ">
   <subfield code="a">Kontroversi Mahfud MD jilid 1 /</subfield>
   <subfield code="c">Rita Triana Budiarti</subfield>
  </datafield>
  <datafield tag="250" ind1=" " ind2=" ">
   <subfield code="a">Cetakan ke-2</subfield>
  </datafield>
  <datafield tag="260" ind1=" " ind2=" ">
   <subfield code="a">Jakarta :</subfield>
   <subfield code="b">Konstitusi Press,</subfield>
   <subfield code="c">2013</subfield>
  </datafield>
  <datafield tag="300" ind1=" " ind2=" ">
   <subfield code="a">xxx, 270 hlm.; 21 cm ;</subfield>
   <subfield code="c">21 cm</subfield>
  </datafield>
  <datafield tag="520" ind1=" " ind2=" ">
   <subfield code="a">Sepak terjang Mahkamah Konstitusi dalam menjatuhkan putusan-putusan yang didasarkan pada keadilan substantif melambungkan namanya. Prestasi tersebut tidak bisa dilepaskan dari peran besar Ketua MK Moh MAhfud MD. Wajar saja jika kemudian, berbagai penghargaan diberikan, antara lain harian nasional Seputar Indonesia menganugerahkan Man of the Year 2009 kepada Bapak Mahfud MD. Beliau adalah sosok negarawan yang langka di Indonesia. Sekalipun menjabat sebagai Ketua MK, kerap kali ia tampil sebagai sosok akademisi yang lugas. Namun, pribadinya yang sederhana mampu membawa MK menjadi lembaga yang dekat dengan di hati rakyat. Tentu saja prestasi tersebut tidak diraih dengan mudah. Di dalamnya terkandung berbagai dinamika dan kendala yang tak pernah mencuat ke hadapan khalayak. Berbagai dinamika dan kendala yang tak pernah mencuat ke hadapan publik tersebut, terungkap dalam buku &quot;Kontroversi Mahfud MD jilid 1&quot;. Harapan atas penerbitan buku ini adalah agar Indonesia mempunyai catatan, atau bahkan teladan, tentang salah satu model kepemimpinan di negeri ini. Lebih luas lagi, buku ini diharpkan mampu memberi inspirasi bagi pembaca dalam menegakkan keadilan dan demokrasi di mana pun berada.</subfield>
  </datafield>
  <datafield tag="650" ind1=" " ind2="4">
   <subfield code="a">Moh. Mahfud Mahmudin, 1957- ; Indonesia-Mahkamah Konstitusi</subfield>
  </datafield>
  <datafield tag="650" ind1=" " ind2="4">
   <subfield code="a">Politicians-Indonesia-Biography; Public Officers-Indonesia-Biography</subfield>
  </datafield>
  <datafield tag="650" ind1=" " ind2="4">
   <subfield code="a">Indonesia-Officials and employees-Biography</subfield>
  </datafield>
  <datafield tag="990" ind1=" " ind2=" ">
   <subfield code="a">22795/MKRI-P/VIII-2013</subfield>
  </datafield>
  <datafield tag="990" ind1=" " ind2=" ">
   <subfield code="a">22779/MKRI-P/VIII-2013</subfield>
  </datafield>
  <datafield tag="990" ind1=" " ind2=" ">
   <subfield code="a">22859/MKRI-P/VI-2014</subfield>
  </datafield>
  <datafield tag="990" ind1=" " ind2=" ">
   <subfield code="a">22859/MKRI-P/VI-2014</subfield>
  </datafield>
  <datafield tag="990" ind1=" " ind2=" ">
   <subfield code="a">22795/MKRI-P/VIII-2013</subfield>
  </datafield>
  <datafield tag="990" ind1=" " ind2=" ">
   <subfield code="a">22779/MKRI-P/VIII-2013</subfield>
  </datafield>
  <datafield tag="990" ind1=" " ind2=" ">
   <subfield code="a">22779/MKRI-P/VIII-2013</subfield>
  </datafield>
  <datafield tag="990" ind1=" " ind2=" ">
   <subfield code="a">22795/MKRI-P/VIII-2013</subfield>
  </datafield>
  <datafield tag="990" ind1=" " ind2=" ">
   <subfield code="a">22859/MKRI-P/VI-2014</subfield>
  </datafield>
 </record>
</collection>
